NFL Starting Quarterbacks - Statistics

General Stats
  • This quiz has been taken 6,592 times
    6,379 since last reset
  • The average score is 22 of 32
Answer Stats
NFL Answer % Correct
Green Bay Aaron Rodgers
95%
NY Giants Eli Manning
93%
Denver Peyton Manning
93%
New Orleans Drew Brees
91%
Chicago Jay Cutler
89%
Carolina Cam Newton
88%
Detroit Matthew Stafford
88%
New England Tom Brady
88%
Atlanta Matt Ryan
87%
Dallas Tony Romo
87%
Seattle Russell Wilson
82%
San Fransisco Alex Smith
79%
Indianapolis Andrew Luck
79%
Baltimore Joe Flacco
79%
San Diego Philip Rivers
76%
Cincinnati Andy Dalton
74%
Oakland Carson Palmer
73%
Washington Robert Griffin III
73%
St. Louis Sam Bradford
70%
Philadelphia Michael Vick
65%
Pittsburgh Ben Roethlisberger
59%
Miami Ryan Tannehill
59%
NY Jets Mark Sanchez
56%
Buffalo Ryan Fitzpatrick
51%
Houston Matt Schaub
44%
Minnesota Christian Ponder
43%
Kansas City Matt Cassel
41%
Tampa Bay Josh Freeman
40%
Jacksonville Blaine Gabbert
36%
Tennessee Jake Locker
36%
Cleveland Brandon Weeden
30%
Arizona John Skelton
23%
No matching quizzes found
Score Distribution
Percent of People with Each Score
Percentile by Number Answered
Your Score History
You have not taken this quiz since the last reset